000 01117nam a2200229 a 4500
001 001058793
003 AM-YeHGA
005 20250617151108.0
008 150211s ||| r 000 0 rus d
040 _aAM-YeHGA
041 0 _arus
100 1 _aАлексеева, Марина Ивановна
245 1 0 _aМетодика редактирования :
_bУчебно-методическое пособие для студентов-заочников факультетов журналистики /
_cМ.И. Алексеева, Н.С. Гаранина, К.М. Накорякова; Под ред. А.В. Западова.
260 _aМосква :
_bМГУ ,.
300 _aвыпуск.
505 0 _gВып. 1 (1975, 86 с.)
_gВып. 2 (1976, 104 с.)
653 0 _aЖурналистика - Редакционно-издательское дело
700 1 _aГаранина, Наталия Сергеевна
700 1 _aНакорякова, Ксения Михайловна
700 1 _aЗападов, Александр Васильевич
_eред.
_4edt
090 _c346285
999 _c344487
_d344487